[Event "Piestany op-B"]
[Site "Piestany"]
[Date "2023.07.13"]
[Round "3"]
[White "Sajtlava, Igor"]
[Black "Kukan, Michal"]
[Result "0-1"]
[WhiteElo "1593"]
[BlackElo "1804"]
[PlyCount "98"]
[EventDate "2023.07.11"]
[EventType "swiss"]
[EventRounds "9"]
[EventCountry "SVK"]
[SourceTitle "EXT 2024"]
[Source "ChessBase"]
[SourceDate "2023.10.10"]
[SourceVersion "1"]
[SourceVersionDate "2023.10.10"]
[SourceQuality "1"]

1. c4 e5 2. Nc3 g6 3. Nf3 Bg7 4. d4 exd4 5. Nxd4 d6 6. e3 Ne7 7. Be2 0-0 8. 0-0 Nbc6 9. Nxc6 Nxc6 10. Qd2 Be6 11. b3 Ne5 12. Bb2 a6 13. Nd5 Re8 14. Nf4 Bd7 15. Nd3 Bc6 16. Nxe5 Bxe5 17. Bxe5 Rxe5 18. f4 Re6 19. Bf3 Be4 20. Bxe4 Rxe4 21. Rf3 b5 22. Qd3 Qe8 23. cxb5 axb5 24. Qd2 Qc6 25. Kf2 Rd8 26. Rc1 Qb6 27. Rc3 d5 28. Kg3 Qd6 29. Qc2 Rd7 30. Rc6 Qe7 31. Qc5 Qxc5 32. Rxc5 b4 33. Kf2 Kf8 34. Ke2 Ke7 35. Kd3 Kd6 36. Rc2 c5 37. g3 Rde7 38. Rc1 d4 39. exd4 Rxd4+ 40. Kc2 Re2+ 41. Kb1 Rdd2 42. Rcf1 Rb2+ 43. Kc1 Rxa2 44. Kb1 Rxh2 45. Rd3+ Kc6 46. Rfd1 Rhb2+ 47. Kc1 h5 48. Rd7 Rxb3 49. R1d6+ Kb5 0-1

[Event "Prague op-B 20th"]
[Site "Prague"]
[Date "2022.01.11"]
[Round "6"]
[White "Kroulik, Vaclav"]
[Black "Sajtlava, Igor"]
[Result "1/2-1/2"]
[WhiteElo "1473"]
[BlackElo "1624"]
[PlyCount "56"]
[EventDate "2022.01.07"]
[EventType "swiss"]
[EventRounds "9"]
[EventCountry "CZE"]
[SourceTitle "CBM 206 Extra"]
[Source "ChessBase"]
[SourceDate "2022.03.31"]
[SourceVersion "1"]
[SourceVersionDate "2022.03.31"]
[SourceQuality "1"]

1. e4 c5 2. Nf3 d6 3. d4 cxd4 4. Nxd4 Nf6 5. Nc3 a6 6. Be3 e6 7. f3 Be7 8. Qd2 Qc7 9. 0-0-0 b5 10. a3 Nbd7 11. g4 Ne5 12. h4 Bd7 13. h5 h6 14. Be2 Nc4 15. Bxc4 Qxc4 16. Rdg1 0-0-0 17. Nce2 Kb7 18. Nb3 Qc7 19. Qd4 Ka8 20. Kb1 e5 21. Qd2 Be6 22. Nc3 d5 23. exd5 Nxd5 24. Nxd5 Rxd5 25. Qe2 Qc4 26. Qf2 b4 27. axb4 Bxb4 28. Qf1 Qxf1+ 1/2-1/2

[Event "Prague op-B 20th"]
[Site "Prague"]
[Date "2022.01.09"]
[Round "4"]
[White "Karlsson, Peter1111"]
[Black "Sajtlava, Igor"]
[Result "1/2-1/2"]
[WhiteElo "1726"]
[BlackElo "1624"]
[PlyCount "64"]
[EventDate "2022.01.07"]
[EventType "swiss"]
[EventRounds "9"]
[EventCountry "CZE"]
[SourceTitle "CBM 206 Extra"]
[Source "ChessBase"]
[SourceDate "2022.03.31"]
[SourceVersion "1"]
[SourceVersionDate "2022.03.31"]
[SourceQuality "1"]

1. e4 c6 2. d4 d5 3. exd5 cxd5 4. Bd3 Nc6 5. c3 Nf6 6. Ne2 Bg4 7. f3 Bh5 8. 0-0 e6 9. Ng3 Bg6 10. f4 Bxd3 11. Qxd3 Bd6 12. Nd2 0-0 13. Nf3 g6 14. Ne5 Ne8 15. Be3 Ng7 16. Rae1 Ne7 17. Bc1 Nef5 18. Nxf5 Nxf5 19. g4 Ng7 20. Qg3 f6 21. Nd3 Qc7 22. Qg2 Qf7 23. Rf3 Rae8 24. Ref1 Rd8 25. h4 f5 26. Ne5 Bxe5 27. fxe5 Qd7 28. gxf5 Rxf5 29. Rxf5 Nxf5 30. Bg5 Rf8 31. h5 h6 32. Bf6 g5 1/2-1/2

[Event "SVK-chT3B2 1920"]
[Site "Slovakia"]
[Date "2020.02.09"]
[Round "8.5"]
[White "Sajtlava, Igor"]
[Black "Kudlej, Adam"]
[Result "0-1"]
[WhiteElo "1697"]
[BlackElo "1556"]
[PlyCount "122"]
[EventDate "2019.10.06"]
[EventType "team-tourn"]
[EventRounds "11"]
[EventCountry "SVK"]
[SourceTitle "CBM 195 Extra"]
[Source "ChessBase"]
[SourceDate "2020.05.31"]
[SourceVersion "1"]
[SourceVersionDate "2020.05.31"]
[SourceQuality "1"]
[WhiteTeam "Dubnica nad Vahom III"]
[BlackTeam "Belusa"]
[WhiteTeamCountry "SVK"]
[BlackTeamCountry "SVK"]

1. d4 Nf6 2. c4 d5 3. cxd5 Nxd5 4. e4 Nf6 5. Nc3 e6 6. Be3 c6 7. Bd3 Nbd7 8. e5 Nd5 9. Nxd5 cxd5 10. Nf3 Qb6 11. Qc2 Bb4+ 12. Ke2 Nf8 13. Rhc1 Bd7 14. Kf1 Bb5 15. Kg1 Bxd3 16. Qxd3 h6 17. Rc2 f6 18. Rac1 Kf7 19. Rc7+ Be7 20. exf6 gxf6 21. Qd2 h5 22. Qc2 Rd8 23. Qc5 Qxc5 24. dxc5 Rd7 25. Rc8 e5 26. Bd2 d4 27. Kf1 Ng6 28. Rxh8 Nxh8 29. b4 Rc7 30. Ke2 a5 31. a3 Ng6 32. g3 Ke6 33. Ne1 Kd5 34. f3 Nf8 35. h3 f5 36. h4 e4 37. Bf4 Rc8 38. Bg5 Bxg5 39. hxg5 axb4 40. axb4 Ne6 41. f4 Ra8 42. Kd1 d3 43. Kd2 Kd4 44. Nc2+ dxc2 45. Rxc2 Rc8 46. Ke2 Rc7 47. Rd2+ Kc4 48. Rd6 Ng7 49. Rb6 Rd7 50. g6 Re7 51. Kf2 e3+ 52. Ke2 h4 53. gxh4 Nh5 54. c6 bxc6 55. Rxc6+ Kxb4 56. Rc1 Nxf4+ 57. Kf3 Nxg6 58. h5 Nh4+ 59. Kg3 e2 60. Re1 Kc3 61. Kf2 Kd2 0-1

[Event "SVK-chT3B2 1819"]
[Site "Slovakia"]
[Date "2019.03.10"]
[Round "9.5"]
[White "Sajtlava, Igor"]
[Black "Makuch, Milan"]
[Result "1/2-1/2"]
[WhiteElo "1681"]
[BlackElo "1825"]
[PlyCount "21"]
[EventDate "2018.10.21"]
[EventType "team-tourn"]
[EventRounds "11"]
[EventCountry "SVK"]
[SourceTitle "CBM 189 Extra"]
[Source "ChessBase"]
[SourceDate "2019.06.03"]
[SourceVersion "1"]
[SourceVersionDate "2019.06.03"]
[SourceQuality "1"]
[WhiteTeam "Dubnica nad Vahom  III"]
[BlackTeam "Povazska Bystrica Sparta"]
[WhiteTeamCountry "SVK"]
[BlackTeamCountry "SVK"]

1. c4 c6 2. d4 d5 3. cxd5 cxd5 4. Nf3 Nc6 5. Nc3 Nf6 6. Bf4 g6 7. e3 a6 8. Bd3 Bg7 9. 0-0 0-0 10. Rc1 Ng4 11. h3 1/2-1/2

[Event "SVK-chT3B2 1718"]
[Site "Slovakia"]
[Date "2018.03.04"]
[Round "10.3"]
[White "Bielik, Peter"]
[Black "Sajtlava, Igor"]
[Result "1/2-1/2"]
[WhiteElo "1804"]
[BlackElo "1771"]
[PlyCount "67"]
[EventDate "2017.10.08"]
[EventType "team-tourn"]
[EventRounds "11"]
[EventCountry "SVK"]
[SourceTitle "EXT 2020"]
[Source "ChessBase"]
[SourceDate "2019.10.17"]
[SourceVersion "1"]
[SourceVersionDate "2019.10.17"]
[SourceQuality "1"]
[WhiteTeam "Povazske Podhradie II"]
[BlackTeam "Dubnica nad Vahom III"]
[WhiteTeamCountry "SVK"]
[BlackTeamCountry "SVK"]

1. d4 d5 2. c4 e6 3. Nf3 Nf6 4. Bg5 Be7 5. e3 0-0 6. Nc3 h6 7. Bh4 b6 8. cxd5 Nxd5 9. Bxe7 Qxe7 10. e4 Nxc3 11. bxc3 Bb7 12. Bd3 c5 13. 0-0 Nd7 14. Re1 Rfe8 15. d5 exd5 16. exd5 Qd6 17. c4 Ne5 18. a4 Nxf3+ 19. Qxf3 Re5 20. Re4 Rae8 21. Rae1 Rxe4 22. Rxe4 Qd8 23. Qf4 Rxe4 24. Qxe4 g6 25. Qe5 Bc8 26. f3 Bd7 27. Bc2 Qe8 28. Qxe8+ Bxe8 29. Kf2 Kf8 30. Ke3 Ke7 31. g4 Kd6 32. h4 Bd7 33. Bd1 a6 34. Ke4 1/2-1/2

[Event "SVK-chT3B2 1718"]
[Site "Slovakia"]
[Date "2018.01.21"]
[Round "8.4"]
[White "Sajtlava, Igor"]
[Black "Suppa, Jan"]
[Result "1/2-1/2"]
[WhiteElo "1771"]
[BlackElo "1816"]
[PlyCount "38"]
[EventDate "2017.10.08"]
[EventType "team-tourn"]
[EventRounds "11"]
[EventCountry "SVK"]
[SourceTitle "EXT 2019"]
[Source "ChessBase"]
[SourceDate "2018.10.10"]
[SourceVersion "1"]
[SourceVersionDate "2018.10.10"]
[SourceQuality "1"]
[WhiteTeam "Dubnica nad Vahom III"]
[BlackTeam "Chynorany"]
[WhiteTeamCountry "SVK"]
[BlackTeamCountry "SVK"]

1. d4 f5 2. c4 Nf6 3. Nc3 e6 4. Bg5 Bb4 5. Qc2 b6 6. Nf3 0-0 7. g3 Bb7 8. Bg2 Qe8 9. Bxf6 Rxf6 10. a3 Bxc3+ 11. Qxc3 d6 12. Nh4 Bxg2 13. Nxg2 Nd7 14. 0-0 Qe7 15. Qf3 Rb8 16. e3 e5 17. Rfd1 e4 18. Qe2 Rf7 19. Nf4 Nf6 1/2-1/2

[Event "Tatry op"]
[Site "Tatranska Lomnica"]
[Date "2017.10.11"]
[Round "5"]
[White "Cech, Dominik"]
[Black "Sajtlava, Igor"]
[Result "1-0"]
[WhiteElo "2114"]
[BlackElo "1766"]
[PlyCount "57"]
[EventDate "2017.10.08"]
[EventType "swiss"]
[EventRounds "9"]
[EventCountry "SVK"]
[SourceTitle "CBM 181 Extra"]
[Source "ChessBase"]
[SourceDate "2017.12.12"]
[SourceVersion "1"]
[SourceVersionDate "2017.12.12"]
[SourceQuality "1"]

1. e4 c5 2. Nf3 d6 3. d4 cxd4 4. Nxd4 Nf6 5. Nc3 Nc6 6. Bg5 e6 7. Qd2 Be7 8. 0-0-0 0-0 9. f3 Nxd4 10. Qxd4 Qa5 11. h4 h6 12. Bd2 Qc5 13. Qd3 Rd8 14. g4 Nd7 15. f4 Nf8 16. g5 h5 17. f5 Nd7 18. f6 Bf8 19. fxg7 Bxg7 20. Qe2 Nf8 21. Qxh5 Bd7 22. Bd3 Ng6 23. Rdf1 Be8 24. Qe2 Ne5 25. h5 Nxd3+ 26. Qxd3 Bxc3 27. Bxc3 e5 28. Qf3 Qc4 29. h6 1-0

[Event "SVK-ch Seniors 65"]
[Site "Tatranske Matliare"]
[Date "2017.06.01"]
[Round "7"]
[White "Rezak, Milan"]
[Black "Sajtlava, Igor"]
[Result "1-0"]
[WhiteElo "1911"]
[BlackElo "1770"]
[PlyCount "49"]
[EventDate "2017.05.27"]
[EventType "swiss"]
[EventRounds "9"]
[EventCountry "SVK"]
[SourceTitle "EXT 2023"]
[Source "ChessBase"]
[SourceDate "2022.10.05"]
[SourceVersion "1"]
[SourceVersionDate "2022.10.05"]
[SourceQuality "1"]

1. e4 c5 2. c3 Nf6 3. e5 Nd5 4. d4 cxd4 5. Nf3 e6 6. cxd4 Nc6 7. Nc3 Nxc3 8. bxc3 d6 9. exd6 Qxd6 10. Bd3 Be7 11. 0-0 0-0 12. Rb1 a6 13. a4 Re8 14. Qe2 g6 15. h4 Bf6 16. h5 Ne7 17. hxg6 hxg6 18. Re1 Nd5 19. Qd2 Qf8 20. Ne5 Bxe5 21. dxe5 Qg7 22. c4 Ne7 23. Qc3 Bd7 24. Bg5 Kf8 25. Bf6 1-0

[Event "SVK-ch Seniors 65"]
[Site "Tatranske Matliare"]
[Date "2017.05.28"]
[Round "3"]
[White "Kopecek, Ivan"]
[Black "Sajtlava, Igor"]
[Result "1/2-1/2"]
[WhiteElo "1931"]
[BlackElo "1770"]
[PlyCount "141"]
[EventDate "2017.05.27"]
[EventType "swiss"]
[EventRounds "9"]
[EventCountry "SVK"]
[SourceTitle "EXT 2023"]
[Source "ChessBase"]
[SourceDate "2022.10.05"]
[SourceVersion "1"]
[SourceVersionDate "2022.10.05"]
[SourceQuality "1"]

1. e4 c5 2. Nf3 d6 3. d4 cxd4 4. Nxd4 Nf6 5. Nc3 Nc6 6. Be3 e6 7. Be2 Be7 8. 0-0 0-0 9. f4 a6 10. Bf3 Qc7 11. Qe1 Bd7 12. Qg3 Rac8 13. Rad1 Rfd8 14. Qf2 Rf8 15. h3 Ne8 16. g4 Nxd4 17. Bxd4 Bc6 18. Rd2 b5 19. Rfd1 b4 20. Ne2 Qb7 21. Ng3 Bh4 22. Re2 Rd8 23. Qg2 Bxg3 24. Qxg3 f6 25. Bf2 Rf7 26. Bg2 Rfd7 27. Qb3 Re7 28. f5 Kh8 29. fxe6 a5 30. a3 Qb5 31. Red2 bxa3 32. bxa3 Qxb3 33. cxb3 Rxe6 34. Bb6 Ra8 35. Rd4 Kg8 36. Rc4 Bb5 37. Rc2 Ra6 38. Bf2 Rc6 39. Rdc1 Rxc2 40. Rxc2 Kf7 41. Rc3 Ke7 42. a4 Ba6 43. Bb6 Re5 44. Kf2 Kd7 45. Ke3 Bb7 46. Kd4 Bc6 47. Kd3 Nc7 48. Bd4 Re6 49. g5 Na6 50. gxf6 gxf6 51. h4 Nb4+ 52. Kd2 Bxe4 53. Bxe4 Rxe4 54. Bxf6 Rf4 55. Bg5 Rf2+ 56. Ke3 Rg2 57. Kf3 Rc2 58. Rxc2 Nxc2 59. Bf6 Kc6 60. Ke4 Kc5 61. Bc3 Nb4 62. Bd4+ Kc6 63. Bc3 Kc5 64. Bd4+ Kc6 65. h5 Na6 66. h6 Nc5+ 67. Bxc5 Kxc5 68. Kf5 d5 69. Ke5 Kb4 70. Kxd5 Kxb3 71. Kc5 1/2-1/2

[Event "Piestany op"]
[Site "Piestany"]
[Date "2014.11.16"]
[Round "2"]
[White "Sankova, Stella"]
[Black "Sajtlava, Igor"]
[Result "0-1"]
[WhiteElo "1625"]
[BlackElo "1829"]
[PlyCount "97"]
[EventDate "2014.11.15"]
[EventType "swiss"]
[EventRounds "8"]
[EventCountry "SVK"]
[SourceTitle "EXT 2023"]
[Source "ChessBase"]
[SourceDate "2022.10.05"]
[SourceVersion "1"]
[SourceVersionDate "2022.10.05"]
[SourceQuality "1"]

1. c4 e6 2. Nc3 d5 3. d4 Nf6 4. Nf3 Be7 5. Bg5 0-0 6. e3 h6 7. Bh4 b6 8. Rc1 Bb7 9. Bd3 dxc4 10. Bxc4 Ne4 11. Bxe7 Qxe7 12. 0-0 Nd7 13. Nxe4 Bxe4 14. Bd3 Bxd3 15. Qxd3 c5 16. Rc4 b5 17. Rc2 c4 18. Qe2 Nb6 19. b3 Rfc8 20. bxc4 Rxc4 21. Rxc4 Nxc4 22. Nd2 Nxd2 23. Qxd2 Rc8 24. Rc1 Qd7 25. Rxc8+ Qxc8 26. g3 Qc7 27. d5 exd5 28. Qxd5 Qb8 29. e4 Qb6 30. e5 a6 31. Kg2 Qe6 32. Qxe6 fxe6 33. Kf3 b4 34. Ke3 a5 35. Kd3 a4 36. Kc4 b3 37. Kc3 bxa2 38. Kb2 Kf7 39. Kxa2 Kg6 40. Ka3 Kf5 41. Kxa4 Kxe5 42. f3 Kd4 43. Kb3 Ke3 44. f4 Kf3 45. Kc3 Kg2 46. Kd4 Kxh2 47. g4 Kg3 48. f5 exf5 49. gxf5 0-1

[Event "Piestany op"]
[Site "Piestany"]
[Date "2014.11.15"]
[Round "1"]
[White "Sajtlava, Igor"]
[Black "Certek, Pavel"]
[Result "0-1"]
[WhiteElo "1829"]
[BlackElo "2278"]
[PlyCount "108"]
[EventDate "2014.11.15"]
[EventType "swiss"]
[EventRounds "8"]
[EventCountry "SVK"]
[SourceTitle "EXT 2023"]
[Source "ChessBase"]
[SourceDate "2022.10.05"]
[SourceVersion "1"]
[SourceVersionDate "2022.10.05"]
[SourceQuality "1"]

1. c4 Nf6 2. Nc3 d5 3. d4 g6 4. Bf4 Bg7 5. e3 0-0 6. Nf3 c5 7. dxc5 Qa5 8. Qa4 Qxc5 9. Qb5 Qxb5 10. cxb5 a6 11. bxa6 Nxa6 12. Bxa6 bxa6 13. Be5 Bb7 14. 0-0 Rac8 15. Rac1 Rfe8 16. Ne2 Ne4 17. Bxg7 Kxg7 18. Rxc8 Rxc8 19. Rc1 f6 20. Rxc8 Bxc8 21. Kf1 e5 22. Ke1 Kf7 23. Nd2 Nc5 24. Nc1 Ke6 25. Kd1 Kd6 26. b4 Na4 27. Kc2 Bd7 28. Kb3 Nb6 29. Ne2 Ba4+ 30. Kb2 g5 31. Nc3 Bc6 32. g3 h6 33. Kb3 Ke6 34. Kc2 Kf5 35. f3 h5 36. e4+ Ke6 37. exd5+ Nxd5 38. Nxd5 Bxd5 39. a3 g4 40. fxg4 hxg4 41. Kd3 f5 42. Nc4 Bxc4+ 43. Kxc4 Kd6 44. a4 Kc6 45. Kc3 Kd7 46. Kc4 Kd6 47. Kc3 Kd5 48. Kd3 f4 49. gxf4 exf4 50. Ke2 Kc4 51. b5 axb5 52. axb5 Kxb5 53. Kf2 Kc4 54. Kg2 Kd3 0-1

[Event "Piestany op"]
[Site "Piestany"]
[Date "2013.11.20"]
[Round "4"]
[White "Babinsky, Michal"]
[Black "Sajtlava, Igor"]
[Result "1-0"]
[WhiteElo "1741"]
[BlackElo "1845"]
[PlyCount "49"]
[EventDate "2013.11.18"]
[EventType "swiss"]
[EventRounds "7"]
[EventCountry "SVK"]
[SourceTitle "CBM 157 Extra"]
[Source "ChessBase"]
[SourceDate "2013.12.19"]
[SourceVersion "1"]
[SourceVersionDate "2013.12.19"]
[SourceQuality "1"]

1. e4 c5 2. Nf3 d6 3. d4 cxd4 4. Nxd4 Nf6 5. Nc3 a6 6. Be3 e6 7. Bc4 Be7 8. a4 Qc7 9. Bb3 Nc6 10. f4 Na5 11. 0-0 Nxb3 12. cxb3 Bd7 13. Rc1 Qb8 14. Qf3 0-0 15. f5 e5 16. Nde2 Bc6 17. g4 Nd7 18. g5 Kh8 19. Qh3 Qd8 20. g6 Nf6 21. Bg5 fxg6 22. fxg6 Qd7 23. Rf5 h6 24. Bxh6 Kg8 25. Bg5 1-0

[Event "Piestany op"]
[Site "Piestany"]
[Date "2013.11.18"]
[Round "1"]
[White "Sajtlava, Igor"]
[Black "Petran, Peter"]
[Result "0-1"]
[WhiteElo "1845"]
[BlackElo "2321"]
[PlyCount "62"]
[EventDate "2013.11.18"]
[EventType "swiss"]
[EventRounds "7"]
[EventCountry "SVK"]
[SourceTitle "CBM 157 Extra"]
[Source "ChessBase"]
[SourceDate "2013.12.19"]
[SourceVersion "1"]
[SourceVersionDate "2013.12.19"]
[SourceQuality "1"]

1. d4 g6 2. c4 Bg7 3. e4 Nc6 4. Be3 e5 5. Ne2 d6 6. d5 Nce7 7. Nbc3 f5 8. f3 c5 9. Qd2 Nf6 10. 0-0-0 a6 11. Kb1 b5 12. Bg5 b4 13. Bxf6 Bxf6 14. Na4 Bd7 15. b3 Bxa4 16. bxa4 Qa5 17. Qc2 fxe4 18. fxe4 Nc8 19. Nc1 Nb6 20. Bd3 0-0 21. Ne2 Nxa4 22. Ka1 Bg5 23. Rdf1 Be3 24. Rf3 Rxf3 25. gxf3 Rb8 26. Rb1 Bd4+ 27. Nxd4 cxd4 28. Qb3 Nc5 29. Qd1 b3 30. Rb2 Qc3 31. Bc2 Na4 0-1

[Event "Piestany op"]
[Site "Piestany"]
[Date "2012.11.18"]
[Round "8"]
[White "Sajtlava, Igor"]
[Black "Mikulas, Dusan"]
[Result "0-1"]
[WhiteElo "1839"]
[BlackElo "2102"]
[PlyCount "46"]
[EventDate "2012.11.12"]
[EventType "swiss"]
[EventRounds "8"]
[EventCountry "SVK"]
[SourceTitle "EXT 2023"]
[Source "ChessBase"]
[SourceDate "2022.10.05"]
[SourceVersion "1"]
[SourceVersionDate "2022.10.05"]
[SourceQuality "1"]

1. c4 e5 2. Nc3 Nc6 3. Nf3 g6 4. d4 exd4 5. Nxd4 Bg7 6. e3 Nge7 7. Be2 0-0 8. 0-0 d6 9. Qd2 Nxd4 10. exd4 Nf5 11. d5 Re8 12. Qd1 Qh4 13. Re1 Bd7 14. Bd2 Bd4 15. Rf1 h5 16. Bd3 Be5 17. g3 Qh3 18. Bxf5 Bxf5 19. f3 h4 20. Ne2 hxg3 21. Nxg3 Bxg3 22. hxg3 Qxg3+ 23. Kh1 Kg7 0-1

[Event "Piestany op"]
[Site "Piestany"]
[Date "2012.11.12"]
[Round "1"]
[White "Boguszlavszkij, Jevgenyij"]
[Black "Sajtlava, Igor"]
[Result "1-0"]
[WhiteElo "2202"]
[BlackElo "1839"]
[PlyCount "91"]
[EventDate "2012.11.12"]
[EventType "swiss"]
[EventRounds "8"]
[EventCountry "SVK"]
[SourceTitle "EXT 2023"]
[Source "ChessBase"]
[SourceDate "2022.10.05"]
[SourceVersion "1"]
[SourceVersionDate "2022.10.05"]
[SourceQuality "1"]

1. e4 c5 2. Nc3 Nc6 3. g3 g6 4. Bg2 Bg7 5. f4 d6 6. Nf3 Bg4 7. Ne2 e6 8. c3 Nge7 9. h3 Bxf3 10. Bxf3 Rc8 11. d3 Qc7 12. 0-0 0-0 13. Be3 b6 14. Qd2 Rfd8 15. g4 d5 16. Qc2 d4 17. Bf2 Qd7 18. c4 f6 19. Bg2 Rf8 20. Bg3 e5 21. a3 a5 22. Kh2 h6 23. Bf3 g5 24. f5 Kf7 25. Be1 Ra8 26. h4 Rh8 27. Ng3 Nc8 28. Kg2 Nd6 29. Bd2 Qb7 30. Rf2 Ne8 31. Raf1 Nd6 32. Qc1 Rag8 33. Nh5 Bf8 34. Bd1 Be7 35. Ba4 Kf8 36. Kh3 Nf7 37. hxg5 Nxg5+ 38. Kh2 Kf7 39. b4 axb4 40. axb4 Nxb4 41. Bxb4 cxb4 42. c5 bxc5 43. Bb3+ Ke8 44. Ra2 Nf7 45. Bxf7+ Kxf7 46. Qc4+ 1-0

[Event "SVK-chT2B 1112"]
[Site "Slovakia"]
[Date "2012.01.07"]
[Round "7.2"]
[White "Gazik, Viktor"]
[Black "Sajtlava, Igor"]
[Result "1-0"]
[WhiteElo "1977"]
[BlackElo "1886"]
[PlyCount "71"]
[EventDate "2011.10.08"]
[EventType "team-tourn"]
[EventRounds "11"]
[EventCountry "SVK"]
[SourceTitle "EXT 2013"]
[Source "ChessBase"]
[SourceDate "2012.11.22"]
[SourceVersion "1"]
[SourceVersionDate "2012.11.22"]
[SourceQuality "1"]
[WhiteTeam "Prievidza SK III"]
[BlackTeam "Belusa Hermes"]
[WhiteTeamCountry "SVK"]
[BlackTeamCountry "SVK"]

1. e4 c5 2. Nf3 d6 3. d4 cxd4 4. Nxd4 Nf6 5. Nc3 Nc6 6. Be3 e6 7. f3 Be7 8. Qd2 0-0 9. g4 Nd7 10. 0-0-0 Nde5 11. Qf2 a6 12. Kb1 Qc7 13. h4 b5 14. Bd3 Bb7 15. g5 Rac8 16. h5 Nxd4 17. Bxd4 f5 18. Qg2 Nxd3 19. cxd3 e5 20. Be3 b4 21. Na4 Qb8 22. Nb6 Rc7 23. Rc1 Rxc1+ 24. Rxc1 Qd8 25. g6 h6 26. Bg1 d5 27. Qc2 Bg5 28. Rd1 d4 29. Qb3+ Kh8 30. Nc4 Qe7 31. Bh2 f4 32. Bg1 Bf6 33. Bf2 Rc8 34. Be1 Qc7 35. Bxb4 Bc6 36. Nd6 1-0

[Event "SVK-chT2B 1112"]
[Site "Slovakia"]
[Date "2011.12.03"]
[Round "5.2"]
[White "Sajtlava, Igor"]
[Black "Masarik, Drahoslav"]
[Result "1/2-1/2"]
[WhiteElo "1886"]
[BlackElo "2027"]
[PlyCount "30"]
[EventDate "2011.10.08"]
[EventType "team-tourn"]
[EventRounds "11"]
[EventCountry "SVK"]
[SourceTitle "EXT 2013"]
[Source "ChessBase"]
[SourceDate "2012.11.22"]
[SourceVersion "1"]
[SourceVersionDate "2012.11.22"]
[SourceQuality "1"]
[WhiteTeam "Belusa Hermes"]
[BlackTeam "Trencin SK II"]
[WhiteTeamCountry "SVK"]
[BlackTeamCountry "SVK"]

1. c4 c5 2. Nf3 Nc6 3. d4 cxd4 4. Nxd4 Nf6 5. Nc3 g6 6. e4 d6 7. Be2 Bg7 8. Be3 0-0 9. 0-0 Bd7 10. Qd2 Ne5 11. f3 Rc8 12. b3 a6 13. Rac1 Qc7 14. Nd5 Qd8 15. Rfd1 Nc6 1/2-1/2